000
00288nam a2200121 a 4500
008
110427s1985|||| d
245
1
0
_a
Slovensko-Ukrajinský slovník
260
_b
SPN
_a
Bratislava
_c
1985
020
_c
78
044
_a
xo
_c
SK
041
_a
slo
100
1
_a
Bunganič, Peter
999
_c
19206
_d
19206